| 000 | 00489cam a22001571 4500 | ||
|---|---|---|---|
| 082 |
_a531 _bPOR _cL-15, P-10 |
||
| 100 | 1 |
_aPoorman, Alfred P. _939807 |
|
| 245 | 1 | 0 |
_aApplied mechanics, _cby Alfred P. Poorman. |
| 250 | _a4th ed. | ||
| 260 |
_aNew York and London, _bMcGraw-Hill book company, inc., _c1940. |
||
| 300 |
_axiv, 354 p. _billus., diagrs. _c24 cm. |
||
| 526 |
_a0 _b0 _c0 _d531_000000000000000_POR |
||
| 650 | 0 |
_aMCE _9379 |
|
| 650 | 0 |
_aMechanics, Applied. _913090 |
|
| 942 |
_2ddc _cBK |
||
| 999 |
_c544235 _d544235 |
||